The Germans Have a Word for That Quiz Stats

 Plays Quiz Updated Sep 12, 2017

Challenge
Share
Tweet
Embed
Score 0/20 Timer 05:00
1 Play Today
% Correct
Fingerspitzengefühl
87.2%
Rabenmutter
87.1%
Sturmfrei
84.4%
Ohrwurm
81.8%
Dreikäsehoch
80.2%
Sitzfleisch
77.5%
Schadenfreude
77%
Luftschloss
75.7%
Torschlusspanik
74.1%
Schnapsidee
72%
% Correct
Eselsbrücke
67.6%
Fremdschämen
67.3%
Glückspilz
65.9%
Verschlimmbessern
59.5%
Weichei
56.9%
Kummerspeck
55.9%
Erbsenzähler
54.4%
Pantoffelheld
51.9%
Erklärungsnot
48.7%
Zugzwang
47.1%

You're not logged in!

Compare scores with friends on all Sporcle quizzes.
OR
Log In

You Might Also Like...

Show Comments

Extras

Top Quizzes Today


Score Distribution

Your Account Isn't Verified!

In order to create a playlist on Sporcle, you need to verify the email address you used during registration. Go to your Sporcle Settings to finish the process.

Report this User

Report this user for behavior that violates our Community Guidelines.

Details: